Autobiography of Malcom X

Sparad:
Bibliografiska uppgifter
Huvudupphovsman: Malcom X
Materialtyp: Bok
Språk:Undetermined
Publicerad: Estados Unidos Groven Press 1966
Upplaga:5
Ämnen:
Taggar: Lägg till en tagg
Inga taggar, Lägg till första taggen!

MARC

LEADER 00000nam a2200000Ia 4500
008 170316s9999 xx 000 0 und d
090 |a 810 M-7a 
100 |a Malcom X 
245 |a Autobiography of Malcom X 
250 |a 5 
260 |a Estados Unidos 
260 |b Groven Press 
260 |c 1966 
300 |a 460 páginas 
650 |a LITERATURA ESTADOUNIDENSE 
999 |c 21376  |d 21376 
040 |a cru BVZT 
942 |c 15 D  |h 810 M-7a  |2 z